000
00334nam a2200133Ia 4500
008
240624s9999 xx 000 0 und d
041
_a
eng
082
_a
153.9 ERI
100
_a
ERICSSON ANDERS
245
_a
PEAK SECRETS FROM THE NEW SCIENCE OF EXP
260
_c
2017
_a
New York
_b
Mariner
300
_a
307 p.; 20 cm.
365
_c
RS
999
_c
29357
_d
29357